Primeras materias en la industria química : (merceología) (merceología)
Publicado:
Barcelona :
Escuela Elemental del Trabajo de la Diputación Provincial de Barcelona. Sección Ediciones (E.E.T. Artes Gráficas) ,
1947
Descripción Física:
204 p. : il. ; 21 cm
Otros Autores:
Escola Elemental del Treball (Barcelona)
Materias:
Indústria química
MARC
| LEADER | 00000nam a2200000Ia 4500 | ||
|---|---|---|---|
| 001 | 1995 | ||
| 008 | 160829s1947 xx 000 0 cat d | ||
| 080 | |a C-1-399 | ||
| 245 | |a Primeras materias en la industria química : |b (merceología) | ||
| 260 | |a Barcelona : |b Escuela Elemental del Trabajo de la Diputación Provincial de Barcelona. Sección Ediciones (E.E.T. Artes Gráficas), |c 1947 | ||
| 300 | |a 204 p. : |b il. ; |c 21 cm | ||
| 650 | |a Indústria química |9 37077 | ||
| 700 | |a Escola Elemental del Treball (Barcelona) |9 55345 | ||
| 901 | |a Arxiu | ||
| 942 | |n 1 | ||
| 952 | |0 0 |1 0 |4 0 |6 C1399 |7 1 |9 47635 |a Arxiu |b Arxiu |d 2016-12-01 |l 0 |o C-1-399 |p 1995 |r 2016-12-01 00:00:00 |w 2016-12-01 |y ARXIU | ||
| 999 | |c 51434 |d 51434 | ||